Rappeurs Français #5 - Statistiques

Statistiques générales
  • Ce quiz a été pris 351 fois
  • Le résultat moyen est 9 sur 16
Statistiques - réponses
Par images Réponse % Correct
Kalash
91%
Dinos
82%
Fatal Bazooka
80%
Luv Resval
78%
Dinaz
72%
Dinor
72%
Djadja
72%
IAM
66%
JeanJass
57%
Caballero
56%
Timal
54%
Supreme NTM
53%
So La Lune
24%
Gambino La MG
15%
Kamikaz
5%
Missan
2%
Aucun quiz correspondant
Distribution des résultats
% des personnes avec chaque résultat
Percentile par nombre de réponses
Votre historique - résultats
Vous n’avez pas pris ce quiz